000 00912nas a2200301 4500
001 BR2018002244
003 BR-BrBNA
005 20231205131443.0
007 ta
008 230509b bl.|||p| |||| 00| 00por d
040 _aBR-BrBNA
_bpor
_cBiblioteca Nacional de Agricultura
041 _a(Pt)
072 _aK10
100 1 _aFlores, A.V.
100 1 _aBorges, E.E. de L. e
100 1 _aGuimarães, V.M.
100 1 _aAtaíde, G. da M.
100 1 _aCastro, R.V.O.
245 1 _aGerminação de sementes de Melanoxylon brauna schott em diferentes temperaturas
650 _aBRAÚNA PRETA
650 _aSEMENTE FLORESTAL
650 _aEMBEBIÇÃO
650 _aCONDUTIVIDADE ELÉTRICA
650 _aTEMPERATURA
773 0 _tRevista Árvore (Brazil)
_xISSN 0100-6762
_g(Nov-Dec 2014), v. 38(6) p. 1147-1154
_wBR2018002244
909 _a202311
_bLúcia
_c55
_dLúcia Elande
942 _2AGRIS
_n0
_cANA
999 _c254914
_d254914